[Event "Ruhrgebiet Verbandsliga Gruppe 2 1415"]
[Site "Germany"]
[Date "2015.03.29"]
[Round "8.3"]
[White "Schwiddessen, Jan"]
[Black "Gohla, Ulf"]
[Result "0-1"]
[WhiteElo "1810"]
[BlackElo "2120"]
[PlyCount "48"]
[EventDate "2014.09.21"]
[EventType "team-tourn"]
[EventRounds "9"]
[EventCountry "GER"]
[SourceTitle "EXT 2022"]
[Source "ChessBase"]
[SourceDate "2021.10.06"]
[SourceVersion "1"]
[SourceVersionDate "2021.10.06"]
[SourceQuality "1"]
[WhiteTeam "Brackel SF II"]
[BlackTeam "Wattenscheid SV III"]
[WhiteTeamCountry "GER"]
[BlackTeamCountry "GER"]

1. e4 e5 2. Nf3 Nc6 3. Bc4 Bc5 4. c3 Nf6 5. d4 exd4 6. e5 d5 7. Bb5 Ne4 8. cxd4 Bb4+ 9. Bd2 Nxd2 10. Nbxd2 0-0 11. Bxc6 bxc6 12. a3 Be7 13. Rc1 Qd7 14. Qa4 Rb8 15. b4 Rb6 16. Nb3 Ba6 17. Nc5 Bxc5 18. dxc5 Qg4 19. Qb3 Rbb8 20. Rd1 Rbe8 21. Qe3 f6 22. Rd4 Qxg2 23. Rg1 Qxg1+ 24. Nxg1 Rxe5 0-1